All 1M Cities Starting with “O” to Country - Statistics

General Stats
  • This quiz has been taken 272 times
  • The average score is 10 of 11
Answer Stats
City Country % Correct
Ottawa Canada
100%
Oklahoma City United States
100%
Orlando United States
100%
Osaka Japan
99%
Oslo Norway
99%
Okayama Japan
97%
Omsk Russia
94%
Odessa Ukraine
93%
Ouagadougou Burkina Faso
85%
Oran Algeria
67%
Onitsha Nigeria
45%
No matching quizzes found
Score Distribution
Percent of People with Each Score
Percentile by Number Answered
Your Score History
You have not taken this quiz